| 000 | 00941nam a2200277 a 4500 | ||
|---|---|---|---|
| 001 | 000041266 | ||
| 003 | DO-SdBNP | ||
| 005 | 20250827102944.0 | ||
| 008 | 130927s2011 dr 000 0 spa d | ||
| 020 | _a9789945427875 | ||
| 040 |
_aDO-SdBNP _bspa _cBNPHU _erda |
||
| 082 | 4 |
_aRD861.44 _bM79p |
|
| 100 | 1 |
_aMora Serrano, Manuel, _c1933- _95162 |
|
| 245 | 1 | 0 |
_aPostumismo y vedrinismo : _bprimeras vanguardias dominicanas / _cManuel Mora Serrano. |
| 264 |
_aSanto Domingo : _bEditora Nacional, _c2011. |
||
| 300 |
_a796 páginas ; _c23 cm. |
||
| 336 |
_atexto _btxt _2rdacontent |
||
| 337 |
_asin mediación _bn _2rdamedia |
||
| 338 |
_avolumen _bnc _2rdacontent |
||
| 500 | _aIncluye datos biográficos del autor en la solapa de la cubierta | ||
| 504 | _aBibliografía : páginas 791-796 | ||
| 650 | 4 |
_aLiteratura dominicana. _967 |
|
| 650 | 4 |
_aPoesía dominicana _966 |
|
| 910 | _aValidado. Control de calidad/MAA | ||
| 942 |
_2ddc _cLBS1 |
||
| 999 |
_c40756 _d40756 |
||